000 00875nam a2200253Ia 4500
003 OSt
005 20220923225256.0
006 a|||||r|||| 00| 0
007 ta
008 220922b |||||||| |||| 00| 0 san d
024 _a261,993
037 _cTextual
040 _aARTS
_cARTS
_bsan
041 _2san
_asan
082 _aO15,1E25, L4
100 _aमिश्र, शिवशेखर
_9156279
245 0 _aक्षेमेन्द्र और उनका समीक्षा सिद्धान्त
246 _aKṣhemendra aur unakā samīkṣhā siddhānta
260 _aलखनउ
_b कुमार प्रकाशन
_c1974
300 _a179पृ0
_ccm.
650 _aसंस्कृत साहित्य
942 _hO15,1E25, L4
_cTEXL
_2CC
999 _c377190
_d377190